Statystyki dla Przyłącz stolicę do państw Europy

Kliknij tutaj aby rozwiązać quiz!

Ogólne statystyki

  • Ten quiz został rozwiązany 24 razy
  • Średni wynik to 11 z 12

Statystyki odpowiedzi

KrajMiasto% Poprawnych
DaniaKopenhaga
100%
SerbiaBelgrad
96%
SłowacjaBratysława
96%
BelgiaBruksela
96%
IrlandiaDublin
96%
PortugaliaLizbona
96%
BiałoruśMińsk
96%
NorwegiaOslo
96%
ŁotwaRyga
96%
MołdawiaKiszyniów
87%
Macedonia PółnocnaSkopje
87%
MaltaValetta
78%

Rozkład punktacji

Percentyl według liczby udzielonych odpowiedzi

Procent ludzi z każdym wynikiem

Twoja historia wyników

Nie rozwiązałeś tego quizu